书目信息 |
| 题名: |
工程图识读
|
|
| 作者: | 李社生 , 曲玉凤 主编 | |
| 分册: | ||
| 出版信息: | 北京 科学出版社 2004.07 |
|
| 页数: | 191页 | |
| 开本: | 24cm | |
| 丛书名: | 高职高专工程造价(经济)专业系列规划教材 | |
| 单 册: | ||
| 中图分类: | TU204 | |
| 科图分类: | ||
| 主题词: | 建筑制图--jian zhu zhi tu--识图 | |
| 电子资源: | ||
| ISBN: | 7-03-013374-9 | |
| 000 | 01035nam 2200265 450 | |
| 001 | 012007532277 | |
| 005 | 20071106100855.56 | |
| 010 | @a7-03-013374-9@dCNY31.00 (含附册) | |
| 100 | @a20070924d2004 km y0chiy0120 ea | |
| 101 | 0 | @achi |
| 102 | @aCN@b110000 | |
| 105 | @aa z 000yy | |
| 106 | @ar | |
| 200 | 1 | @a工程图识读@Agong cheng tu shi du@f李社生, 曲玉凤主编@Fli she sheng,qu yu feng zhu bian |
| 210 | @a北京@c科学出版社@d2004.07 | |
| 215 | @a191页@c图@d24cm@e工程施工图实例(92页 ; 26×38cm) | |
| 225 | 2 | @a高职高专工程造价(经济)专业系列规划教材@Agao zhi gao zhuan gong cheng zao jia(jing ji)zhuan ye xi lie gui hua jiao cai |
| 330 | @a该书介绍了建筑工程图的识读方法,内容包括建筑施工图识读、结构施工图识读、设备施工图识读及工程施工图实例。 | |
| 410 | 0 | @12001 @a高职高专工程造价(经济)专业系列规划教材 |
| 606 | 0 | @a建筑制图@Ajian zhu zhi tu@x识图 |
| 690 | @aTU204@v4 | |
| 701 | 0 | @a李社生@Ali she sheng@4主编 |
| 701 | 0 | @a曲玉凤@Aqu yu feng@4主编 |
| 801 | 0 | @aCN@b@c20071106 |
| 905 | @b263473-75@dTU204@eL256@f3 | |
| 工程图识读/李社生, 曲玉凤主编.-北京:科学出版社,2004.07 |
| 191页:图;24cm+工程施工图实例(92页 ; 26×38cm).-(高职高专工程造价(经济)专业系列规划教材) |
| ISBN 7-03-013374-9:CNY31.00 (含附册) |
| 该书介绍了建筑工程图的识读方法,内容包括建筑施工图识读、结构施工图识读、设备施工图识读及工程施工图实例。 |
| ● |
| 相关链接 |
|
|
|
正题名:工程图识读
索取号:TU204/L256
 
预约/预借
| 序号 | 登录号 | 条形码 | 馆藏地/架位号 | 状态 | 备注 |
| 1 | 263473 | 202634738 | 建筑库101/101建筑库 108排5列4层/ [索取号:TU204/L256] | 在馆 | |
| 2 | 263474 | 202634747 | 建筑库101/101建筑库 108排5列4层/ [索取号:TU204/L256] | 在馆 | |
| 3 | 263475 | 202634756 | 建筑库101/101建筑库 108排5列4层/ [索取号:TU204/L256] | 在馆 |